| 000 | 00728cam a2200277u 4500 | ||
|---|---|---|---|
| 001 | 7973970 | ||
| 003 | OSt | ||
| 005 | 20140310181640.0 | ||
| 008 | 810317s1874 mau 000 0 eng | ||
| 010 | _a 62056551 | ||
| 020 | _a059043053X | ||
| 020 | _a0451525450 | ||
| 040 |
_aDLC _cCarP _dDLC |
||
| 050 | 0 | 0 |
_aPQ 2469 _b.V531 1990 |
| 082 |
_aCLA _bV59a 19 |
||
| 100 | 1 |
_aVerne, Jules, _d1828-1905. _93172 |
|
| 245 | 1 | 0 |
_aAround the world in eighty days. / _bJules Verne |
| 260 |
_anew york _bscholastic _c1874. |
||
| 300 |
_a237 p. _c19 cm. |
||
| 521 | _a1st year high school | ||
| 541 | _j1 | ||
| 541 | _j2 | ||
| 562 | _e2 | ||
| 906 |
_a0 _bcbc _cpremunv _du _encip _f19 _gy-gencatlg |
||
| 942 |
_2lcc _cBK _kCLA |
||
| 999 |
_c777 _d777 |
||